Kalászok Életem Mezejéről Második Kötet

Bibliographic Details
Main Author: Pólya, Lajos (Author, Dedicator)
Corporate Author: Winter, Žigmund a syn (firma) (Printer)
Other Authors: Winter, Žigmund, 1827-1886 (Printer)
Format: Book
Language:Hungarian
PhysicalDescription:160 s. 23 cm
Published: Érsekujvárott Nyomatott Winter Zsigmond fia könyvnyomdájában [1910]
Subjects:

MARC

LEADER 00000nam a2200000 a 4500
001 vtls001382613
003 SK-MaSNL
005 20260301161416.0
008 000210s1910 xo ac 0 hun
015 |a SNBA1910 
040 |a SNK  |b slo  |c SNK  |e AACR2 
041 0 |a hun 
044 |a xo  |c SK 
072 7 |a 9  |x Geografia. Biografické štúdie. Dejiny  |2 konspekt 
080 |a 908  |2 2011 
100 1 |a Pólya, Lajos  |4 aut  |4 dto  |9 524380 
245 1 0 |a Kalászok Életem Mezejéről  |n Második Kötet  |c Irta Pólya Lajos Ref. Lelkész - Egyházmegyei Tanács Biró - Egyházkerületi Képviselő 
260 |a Érsekujvárott  |b Nyomatott Winter Zsigmond fia könyvnyomdájában  |c [1910] 
300 |a 160 s.  |c 23 cm 
500 |a Ilustrovaná obálka. Fotografia autora 
508 |a Venovanie autora Štefanovi Tiszovi 
550 |a Rok vydania podľa 1. časti 
650 0 7 |a vlastiveda  |2 SNKPH  |9 3887 
650 0 7 |a cestopisy  |2 SNKPH  |9 186227 
700 1 |a Tisza, Štefan,  |d 1861-1918  |4 hnr  |9 524381 
700 1 |a Winter, Žigmund,  |d 1827-1886  |4 prt  |9 49483 
710 2 |a Winter, Žigmund a syn (firma)  |4 prt  |4 prt  |4 prt  |9 214989 
752 |a Slovensko  |d Nové Zámky 
852 |a SNK  |p SC 26364/2 
999 |c 809341  |d 811271 
952 |t P60, <03>, [BOOK], {603}  |a SNK  |b SNK  |y PREZ  |7 0  |p 17A0227471  |o snkSC 26364/2  |i snkF 2741/70  |8 5  |0 0  |1 0  |4 0  |d 2000-02-10  |l 0  |r 2005-01-02 00:00:00  |w 2026-02-24